Länder, die Kroatien am Nächsten Liegen - Statistiken

Allgemein
  • Dieses Quiz wurde 311 mal gespielt
  • Das Durchschnittsergebnis liegt bei 18 aus 20
Antwortstatistiken
km Land % Korrekt
0 Serbien
99%
0 Bosnien und Herzegowina
98%
12 Italien
98%
23 Österreich
98%
0 Slowenien
98%
0 Ungarn
96%
70 Albanien
95%
233 Deutschland
94%
0 Montenegro
94%
128 Kosovo
92%
261 Schweiz
92%
168 Slowakei
90%
270 Griechenland
89%
107 Rumänien
89%
315 Bulgarien
88%
234 Tschechien
88%
177 Mazedonien
79%
345 Liechtenstein
75%
141 San Marino
74%
314 Vatikanstadt
70%
Keine übereinstimmenden Quizze gefunden
Verteilung der Resultate
Anzahl Personen mit jedem Resultat
Perzentil nach korrekt beantworteten Fragen
Ihre Resultats-Entwicklung
Sie haben dieses Quiz noch nicht gespielt